00389 a2200109 4500001001000000005001700010008004100027245010200068100002100170700002400191773006400215ART_1720620260410161644.0260409a 10aLa importación de servicios en el IVA. El prestatario: ¿sujeto pasivo o responsable sustituto?1 aMoreno, Carolina1 aMazzaroni, Diego H.0 tConsultor tributariog- Año 7, Nº 75 (mayo 2013)wREV474